NDU-K Library Catalogue

Girl in a jacket 

The prevention of humanitarian emergencies / (Record no. 23685)

MARC details
000 -LEADER
fixed length control field 02596cam a22004334a 4500
001 - CONTROL NUMBER
control field 12508500
003 - CONTROL NUMBER IDENTIFIER
control field OSt
005 - DATE AND TIME OF LATEST TRANSACTION
control field 20260410071749.0
008 - FIXED-LENGTH DATA ELEMENTS--GENERAL INFORMATION
fixed length control field 010821s2002 enkb b 001 0 eng
010 ## - LIBRARY OF CONGRESS CONTROL NUMBER
LC control number 2001044719
020 ## - INTERNATIONAL STANDARD BOOK NUMBER
International Standard Book Number 0333964381
020 ## - INTERNATIONAL STANDARD BOOK NUMBER
International Standard Book Number 9780333964385
035 ## - SYSTEM CONTROL NUMBER
System control number 12508500
040 ## - CATALOGING SOURCE
Original cataloging agency DLC
Transcribing agency DLC
Modifying agency DLC
042 ## - AUTHENTICATION CODE
Authentication code pcc
050 00 - LIBRARY OF CONGRESS CALL NUMBER
Classification number HD87
Item number .P74 2002
082 00 - DEWEY DECIMAL CLASSIFICATION NUMBER
Classification number 361.2/6
Edition number 21
245 04 - TITLE STATEMENT
Title The prevention of humanitarian emergencies /
Statement of responsibility, etc. edited by E. Wayne Nafziger and Raimo Väyrynen.
260 ## - PUBLICATION, DISTRIBUTION, ETC.
Place of publication, distribution, etc. Houndmills, Basingstoke, Hampshire ;
-- New York :
Name of publisher, distributor, etc. Palgrave in association with the United Nations University/World Institute for Development Economics Research,
Date of publication, distribution, etc. 2002.
300 ## - PHYSICAL DESCRIPTION
Extent xvii, 322 p. :
Other physical details map ;
Dimensions 23 cm.
336 ## - CONTENT TYPE
Content type term text
Content type code txt
Source rdacontent
337 ## - MEDIA TYPE
Media type term unmediated
Media type code n
Source rdamedia
338 ## - CARRIER TYPE
Carrier type term volume
Carrier type code nc
Source rdacarrier
504 ## - BIBLIOGRAPHY, ETC. NOTE
Bibliography, etc. note Includes bibliographical references (p. 286-315) and index.
505 8# - FORMATTED CONTENTS NOTE
Formatted contents note Machine generated contents note: I The Political Economy of Preventing lumanitarian -- Emergencies -- E. Wayne Nafziger -- Part I International Economic Responses -- 2 Macroeconomic Stabilization and Structural Adjustment -- Christopher Cramer and John Weeks -- 3 Global linkages. Vulnerable Economies and the Outbreak -- of Confict -- Valpy FitzGerald -- Part II Domestic Economic Responses -- 4 State Legitimacy, Tax Reform, and the Provision of Basic -- Services -- John 7bye -- 5 Agrarian Reform, Land Redistribution and Small-Farm Policy -- R. A. Berry -- 6 Protecting Environmental Resources and Preventing -- Land Degradation -- Gaim Kibreab -- Part III Governmental and Non-Governmental Strategies -- 7 Preventing Humanitarian Emergences: Human Security -- and Strategic Action -- Raimo Vayrynen.
650 #0 - SUBJECT ADDED ENTRY--TOPICAL TERM
Topical term or geographic name entry element Economic policy.
650 #0 - SUBJECT ADDED ENTRY--TOPICAL TERM
Topical term or geographic name entry element Social policy.
650 #0 - SUBJECT ADDED ENTRY--TOPICAL TERM
Topical term or geographic name entry element Humanitarian assistance.
700 1# - ADDED ENTRY--PERSONAL NAME
Personal name Nafziger, E. Wayne.
700 1# - ADDED ENTRY--PERSONAL NAME
Personal name Väyrynen, Raimo.
830 #0 - SERIES ADDED ENTRY--UNIFORM TITLE
Uniform title Studies in development economics and policy.
856 42 - ELECTRONIC LOCATION AND ACCESS
Materials specified Contributor biographical information
Uniform Resource Identifier <a href="http://www.loc.gov/catdir/bios/hol051/2001044719.html">http://www.loc.gov/catdir/bios/hol051/2001044719.html</a>
856 42 - ELECTRONIC LOCATION AND ACCESS
Materials specified Publisher description
Uniform Resource Identifier <a href="http://www.loc.gov/catdir/description/hol021/2001044719.html">http://www.loc.gov/catdir/description/hol021/2001044719.html</a>
856 41 - ELECTRONIC LOCATION AND ACCESS
Materials specified Table of contents
Uniform Resource Identifier <a href="http://www.loc.gov/catdir/toc/fy02/2001044719.html">http://www.loc.gov/catdir/toc/fy02/2001044719.html</a>
906 ## - LOCAL DATA ELEMENT F, LDF (RLIN)
a 7
b cbc
c orignew
d 1
e ocip
f 20
g y-gencatlg
942 ## - ADDED ENTRY ELEMENTS (KOHA)
Source of classification or shelving scheme Library of Congress Classification
Koha item type Normal Collection
Suppress in OPAC No
Holdings
Withdrawn status Lost status Source of classification or shelving scheme Damaged status Not for loan Home library Current library Date acquired Inventory number Total Checkouts Full call number Barcode Date last seen Copy number Price effective from Koha item type
    Library of Congress Classification     International Peace Support Training Centre (IPSTC) International Peace Support Training Centre (IPSTC) 14/11/2022 3106/2022   HD87 .P74 2002 200131062022 14/11/2022 c1 14/11/2022 Normal Collection
    Library of Congress Classification     International Peace Support Training Centre (IPSTC) International Peace Support Training Centre (IPSTC) 14/11/2022 2787/2019   HD87 .P74 2002 200127872019 14/11/2022   14/11/2022 Normal Collection
Copyright © 2026 [National Defence University - Kenya]. All rights reserved.